• 首页
  • 本馆介绍
  • 公告通知
  • 最新文献
  • 馆藏检索
  • 电子资源
  • 读者导购
  • 参考咨询
  • 我的图书馆
  • 登录
  • 详细信息显示
  • 放入我的书架
  • 预约/预借图书
  • 作者相关作品
  • 分类相关作品
  • 丛书相关作品
  • 出版社相关作品

书目信息

  • 表格格式
  • 工作单格式
  • 卡片格式
题名:
农村简易测图法
    
 
作者: ;冶金工业部武汉勘察公司 编
分册:  
出版信息: 北京   测绘出版社  1978
页数: 107页
开本: 19cm
丛书名: 农村科学实验丛书
单 册:
中图分类: S29
科图分类:
主题词: 工程测量-农业工程 , 农业工程-工程测量
电子资源:
ISBN: 15039.新84
000 00794oam2 2200277 450
001 0178000171
005 20100712215342.0
010    @a15039.新84@dCNY0.26
091    @a15039.新84
100    @a19950803d1978 em y0chiy0110 ea
101 0  @achi
102    @aCN@b110000
105    @ay z 000yy
106    @ar
200 1  @a农村简易测图法@9Nong Cun Jian Yi Ce Tu Fa @f冶金工业部武汉勘察公司编
210    @a北京@c测绘出版社@d1978
215    @a107页@d19cm
225 2  @a农村科学实验丛书
461  0 @12001 @a农村科学实验丛书
606 0  @a工程测量-农业工程
606 0  @a农业工程-工程测量
610 0  @a农村@a测图法
690    @aS29@v3
711 02 @a冶金工业部武汉勘察公司@9ye jin gong ye bu wu han kan cha gong si@4编
801  0 @aCN@bAzMarc@c20130904
905    @aBZT@dS29@e1@f3@sS29/1
    
    农村简易测图法/冶金工业部武汉勘察公司编.-北京:测绘出版社,1978
    107页;19cm.-(农村科学实验丛书)
    
    
    ISBN 15039.新84:CNY0.26
    
●
相关链接 在五车中查询图书 在当当中查询图书 在豆瓣中查询图书


正题名:农村简易测图法     索取号:S29/1         预约/预借

序号 登录号 条形码 馆藏地/架位号 状态 备注
1 2000071996   2000071996   旧书回溯/ [索取号:S29/1] 在馆    
2 2000078233   2000078233   旧书回溯/ [索取号:S29/1] 在馆    
3 2000126524   2000126524   旧书回溯/ [索取号:S29/1] 在馆    
山东省滨州职业学院图书馆 欢迎您!
大连网信软件有限公司© 版权所有